[Event "Ceske Budejovice Open-A 2019"]
[Site "Ceske Budejovice"]
[Date "2019.07.07"]
[Round "9.20"]
[White "Chval, Zdenek"]
[Black "Pavlicek, Petr"]
[Result "0-1"]
[WhiteElo "2145"]
[BlackElo "1828"]
[Annotator "NA"]
[PlyCount "100"]
[EventDate "2019.07.02"]
[EventCountry "CZE"]
[SourceTitle "playchess.com"]
[Source "ChessBase"]
[SourceQuality "1"]
[TimeControl "5400+30"]

1. e4 {[%emt 0:00:00]} e5 {[%emt 0:00:00]} 2. Nf3 {[%emt 0:00:00]} Nc6 {[%emt 0:00:00]} 3. Bb5 {[%emt 0:00:00]} Nge7 {[%emt 0:00:03]} 4. O-O {[%emt 0:00:00]} a6 {[%emt 0:00:10]} 5. Ba4 {[%emt 0:00:00]} g6 {[%emt 0:00:14]} 6. c3 {[%emt 0:00:21]} Bg7 {[%emt 0:00:07]} 7. d4 {[%emt 0:00:45]} exd4 {[%emt 0:00:12]} 8. cxd4 {[%emt 0:00:11]} O-O {[%emt 0:00:11]} 9. Nc3 {[%emt 0:06:09]} b5 {[%emt 0:01:37]} 10. Bb3 {[%emt 0:00:42]} Na5 {[%emt 0:00:46]} 11. Bc2 {[%emt 0:01:11]} d6 {[%emt 0:01:12]} 12. h3 {[%emt 0:01:12]} c5 {[%emt 0:01:24]} 13. Bg5 {[%emt 0:05:59]} h6 {[%emt 0:02:13]} 14. Bh4 {[%emt 0:00:48]} g5 {[%emt 0:01:57]} 15. Bg3 {[%emt 0:00:09]} Nc4 {[%emt 0:01:58]} 16. b3 {[%emt 0:10:50]} Na3 {[%emt 0:08:14]} 17. Rc1 {[%emt 0:01:53]} Bb7 {[%emt 0:08:56]} 18. Re1 {[%emt 0:03:30]} Rc8 {[%emt 0:04:41]} 19. Nb1 {[%emt 0:08:09]} Nxc2 {[%emt 0:01:39]} 20. Rxc2 {[%emt 0:00:24]} cxd4 {[%emt 0:03:21]} 21. Rxc8 {[%emt 0:00:36]} Nxc8 {[%emt 0:00:25]} 22. Nxd4 {[%emt 0:01:22]} Re8 {[%emt 0:00:18]} 23. Nf5 {[%emt 0:10:15]} Rxe4 {[%emt 0:14:34]} 24. Rxe4 {[%emt 0:08:52]} Bxe4 {[%emt 0:00:07]} 25. Nxg7 {[%emt 0:00:17]} Bxb1 {[%emt 0:00:15]} 26. Qxb1 {[%emt 0:04:24]} Kxg7 {[%emt 0:00:08]} 27. Qe4 {[%emt 0:01:11]} d5 {[%emt 0:07:19]} 28. Qd4+ {[%emt 0:00:57]} f6 {[%emt 0:00:13]} 29. h4 {[%emt 0:05:01]} Kf7 {[%emt 0:01:27]} 30. Qd3 {[%emt 0:03:19]} Kg7 {[%emt 0:00:55]} 31. h5 {[%emt 0:06:29]} Ne7 {[%emt 0:00:53]} 32. a4 {[%emt 0:02:25]} Qe8 {[%emt 0:01:12]} 33. Bd6 {[%emt 0:01:12]} Nc8 {[%emt 0:01:31]} 34. Bc5 {[%emt 0:01:47]} Qe1+ {[%emt 0:01:19]} 35. Kh2 {[%emt 0:01:31]} Qe4 {[%emt 0:01:35]} 36. Qc3 {[%emt 0:01:31]} Qe5+ {[%emt 0:00:21]} 37. Qxe5 {[%emt 0:00:09]} fxe5 {[%emt 0:00:07]} 38. f3 {[%emt 0:04:42]} Kf7 {[%emt 0:00:24]} 39. g3 {[%emt 0:01:14]} Ne7 {[%emt 0:00:34]} 40. Kg2 {[%emt 0:00:43]} Ng8 {[%emt 0:09:39]} 41. axb5 {[%emt 0:03:56]} axb5 {[%emt 0:00:26]} 42. f4 {[%emt 0:03:02]} gxf4 {[%emt 0:01:53]} 43. gxf4 {[%emt 0:00:03]} e4 {[%emt 0:00:11]} 44. Kf2 {[%emt 0:00:37]} Ne7 {[%emt 0:10:51]} 45. Ke3 {[%emt 0:02:15]} Nf5+ {[%emt 0:00:15]} 46. Kd2 {[%emt 0:00:51]} d4 {[%emt 0:00:29]} 47. Ke2 {[%emt 0:01:10]} Ke6 {[%emt 0:00:12]} 48. Kd2 {[%emt 0:00:16]} Kd5 {[%emt 0:00:05]} 49. Bb6 Ng3 {[%emt 0:00:46]} 50. Ba7 {[%emt 0:00:49]} Nxh5 {[%emt 0:00:52]} 0-1

[Event "Ceske Budejovice Open-A 2019"]
[Site "Ceske Budejovice"]
[Date "2019.07.07"]
[Round "9.21"]
[White "Rolinkova, Lucie"]
[Black "Stodola, Zdenek"]
[Result "1-0"]
[WhiteElo "1703"]
[BlackElo "1551"]
[Annotator "NA"]
[PlyCount "41"]
[EventDate "2019.07.02"]
[EventCountry "CZE"]
[SourceTitle "playchess.com"]
[Source "ChessBase"]
[SourceQuality "1"]
[TimeControl "5400+30"]

1. d4 {[%emt 0:00:00]} Nf6 {[%emt 0:00:00]} 2. Bf4 {[%emt 0:00:00]} d6 {[%emt 0:00:04]} 3. e3 {[%emt 0:01:08]} g6 {[%emt 0:00:20]} 4. Nd2 {[%emt 0:02:12]} Bg7 {[%emt 0:00:17]} 5. Ngf3 {[%emt 0:01:39]} O-O {[%emt 0:00:25]} 6. c3 {[%emt 0:02:11]} b6 {[%emt 0:01:54]} 7. Bd3 {[%emt 0:01:44]} Bb7 {[%emt 0:00:23]} 8. Qe2 {[%emt 0:01:25]} Nh5 {[%emt 0:05:48]} 9. Bg3 {[%emt 0:00:42]} Nxg3 {[%emt 0:01:00]} 10. hxg3 {[%emt 0:00:24]} e5 {[%emt 0:01:46]} 11. e4 {[%emt 0:02:51]} exd4 {[%emt 0:03:56]} 12. Nxd4 {[%emt 0:07:48]} c5 {[%emt 0:03:21]} 13. N4f3 {[%emt 0:09:48]} f5 {[%emt 0:02:06]} 14. O-O-O {[%emt 0:02:23]} fxe4 {[%emt 0:05:15]} 15. Nxe4 {[%emt 0:09:17]} d5 {[%emt 0:04:06]} 16. Neg5 {[%emt 0:22:06]} Re8 {[%emt 0:19:50]} 17. Qc2 {[%emt 0:02:18]} Bf6 {[%emt 0:02:33]} 18. Nxh7 {[%emt 0:02:10]} Kg7 {[%emt 0:07:44]} 19. Bxg6 Re6 {[%emt 0:03:24]} 20. Nxf6 {[%emt 0:05:10]} Kxf6 {[%emt 0:01:35]} 21. Rh7 {[%emt 0:01:15]} 1-0

[Event "Ceske Budejovice Open-A 2019"]
[Site "Ceske Budejovice"]
[Date "2019.07.07"]
[Round "9.22"]
[White "Brhlik, Antonin"]
[Black "Baloun, Tomas"]
[Result "0-1"]
[WhiteElo "1639"]
[BlackElo "1887"]
[Annotator "NA"]
[PlyCount "135"]
[EventDate "2019.07.02"]
[EventCountry "CZE"]
[SourceTitle "playchess.com"]
[Source "ChessBase"]
[SourceQuality "1"]
[TimeControl "5400+30"]

1. e4 {[%emt 0:00:00]} c5 {[%emt 0:00:15]} 2. Nf3 {[%emt 0:00:00]} Nc6 {[%emt 0:00:05]} 3. d4 {[%emt 0:00:00]} cxd4 {[%emt 0:00:05]} 4. Nxd4 {[%emt 0:00:07]} g6 {[%emt 0:00:03]} 5. c4 {[%emt 0:00:13]} Bg7 {[%emt 0:00:16]} 6. Be3 {[%emt 0:00:11]} Nf6 {[%emt 0:00:54]} 7. Nc3 {[%emt 0:00:12]} O-O {[%emt 0:00:23]} 8. Be2 {[%emt 0:00:42]} d6 {[%emt 0:01:03]} 9. O-O {[%emt 0:02:38]} Bd7 {[%emt 0:00:45]} 10. f3 {[%emt 0:04:00]} Ne5 {[%emt 0:06:51]} 11. Qd2 {[%emt 0:01:25]} Rc8 {[%emt 0:05:53]} 12. b3 {[%emt 0:00:56]} a6 {[%emt 0:03:09]} 13. Rac1 {[%emt 0:03:26]} h5 {[%emt 0:04:33]} 14. h4 {[%emt 0:07:44]} Nh7 {[%emt 0:07:56]} 15. g3 {[%emt 0:21:51]} Re8 {[%emt 0:12:12]} 16. Kg2 {[%emt 0:05:06]} Qa5 {[%emt 0:14:37]} 17. Rfd1 {[%emt 0:09:07]} Rcd8 {[%emt 0:05:21]} 18. Rf1 {[%emt 0:05:40]} Nc6 {[%emt 0:05:27]} 19. Rh1 {[%emt 0:14:46]} Nf6 {[%emt 0:03:59]} 20. Rhd1 {[%emt 0:00:43]} Nxd4 {[%emt 0:04:50]} 21. Bxd4 {[%emt 0:00:26]} Bc6 {[%emt 0:00:32]} 22. Qe3 {[%emt 0:01:42]} Nd7 {[%emt 0:01:52]} 23. Bxg7 {[%emt 0:00:51]} Kxg7 {[%emt 0:00:04]} 24. Qd4+ {[%emt 0:00:40]} Qe5 {[%emt 0:01:52]} 25. Qxe5+ {[%emt 0:01:18]} dxe5 {[%emt 0:03:40]} 26. b4 {[%emt 0:03:34]} b6 {[%emt 0:04:34]} 27. Rd3 {[%emt 0:04:05]} Nb8 {[%emt 0:09:25]} 28. Rcd1 {[%emt 0:00:56]} Rd7 {[%emt 0:01:20]} 29. Rxd7 {[%emt 0:04:36]} Bxd7 {[%emt 0:00:04]} 30. Nd5 {[%emt 0:01:34]} b5 {[%emt 0:00:34]} 31. cxb5 {[%emt 0:04:31]} Bxb5 {[%emt 0:00:09]} 32. Bxb5 {[%emt 0:00:45]} axb5 {[%emt 0:00:04]} 33. Rd2 {[%emt 0:00:45]} Rd8 {[%emt 0:00:30]} 34. Rc2 {[%emt 0:01:27]} e6 {[%emt 0:01:14]} 35. Ne3 {[%emt 0:00:50]} Rd4 {[%emt 0:01:02]} 36. Rc8 {[%emt 0:00:41]} Nd7 {[%emt 0:00:17]} 37. Nc2 {[%emt 0:00:27]} Rd2+ {[%emt 0:01:01]} 38. Kf1 {[%emt 0:00:16]} Nb6 {[%emt 0:00:19]} 39. Rc3 {[%emt 0:00:22]} Nc4 {[%emt 0:00:29]} 40. Ke1 {[%emt 0:00:54]} Rg2 {[%emt 0:01:09]} 41. a4 {[%emt 0:00:00]} Rxg3 {[%emt 0:00:00]} 42. Kf2 {[%emt 0:00:00]} Rh3 {[%emt 0:00:00]} 43. Kg2 {[%emt 0:00:00]} Rxh4 {[%emt 0:00:00]} 44. Rxc4 {[%emt 0:00:00]} bxc4 {[%emt 0:00:00]} 45. a5 {[%emt 0:00:00]} f5 {[%emt 0:00:00]} 46. a6 {[%emt 0:02:42]} fxe4 {[%emt 0:00:00]} 47. Kg3 {[%emt 0:00:45]} Rf4 {[%emt 0:00:00]} 48. fxe4 {[%emt 0:00:28]} Rf7 {[%emt 0:00:00]} 49. b5 {[%emt 0:00:17]} Ra7 {[%emt 0:00:00]} 50. Nb4 {[%emt 0:00:37]} c3 {[%emt 0:00:00]} 51. Kh4 {[%emt 0:00:38]} Kh6 {[%emt 0:00:06]} 52. Kg3 {[%emt 0:00:32]} g5 {[%emt 0:01:17]} 53. b6 {[%emt 0:00:32]} Rxa6 {[%emt 0:01:29]} 54. Nxa6 {[%emt 0:00:20]} c2 {[%emt 0:00:34]} 55. b7 {[%emt 0:00:05]} c1=Q {[%emt 0:00:13]} 56. b8=Q {[%emt 0:00:18]} h4+ {[%emt 0:01:38]} 57. Kg2 {[%emt 0:01:14]} Qd2+ {[%emt 0:01:28]} 58. Kg1 {[%emt 0:00:31]} Qe1+ {[%emt 0:00:21]} 59. Kh2 {[%emt 0:00:32]} Qe2+ {[%emt 0:01:02]} 60. Kh1 {[%emt 0:00:28]} Qxe4+ {[%emt 0:00:20]} 61. Kg1 {[%emt 0:00:29]} Qe1+ {[%emt 0:00:31]} 62. Kg2 {[%emt 0:00:32]} Qe2+ {[%emt 0:00:39]} 63. Kg1 {[%emt 0:00:21]} Qxa6 {[%emt 0:00:44]} 64. Qh8+ {[%emt 0:00:36]} Kg6 {[%emt 0:00:05]} 65. Qe8+ {[%emt 0:00:26]} Kf5 {[%emt 0:00:17]} 66. Qf7+ {[%emt 0:00:19]} Kg4 {[%emt 0:00:39]} 67. Qf2 {[%emt 0:00:45]} Qd3 {[%emt 0:01:18]} 68. Qf1 0-1

[Event "Ceske Budejovice Open-A 2019"]
[Site "Ceske Budejovice"]
[Date "2019.07.07"]
[Round "9.24"]
[White "Hlavsa, Filip"]
[Black "Petras, Milan"]
[Result "0-1"]
[WhiteElo "1843"]
[BlackElo "1935"]
[Annotator "NA"]
[PlyCount "46"]
[EventDate "2019.07.02"]
[EventCountry "CZE"]
[SourceTitle "playchess.com"]
[Source "ChessBase"]
[SourceQuality "1"]
[TimeControl "5400+30"]

1. d4 {[%emt 0:00:00]} d6 {[%emt 0:00:23]} 2. e4 {[%emt 0:06:53]} g6 {[%emt 0:01:06]} 3. c4 {[%emt 0:01:41]} Bg7 {[%emt 0:01:19]} 4. Nc3 {[%emt 0:00:30]} e5 {[%emt 0:01:31]} 5. d5 {[%emt 0:01:12]} f5 {[%emt 0:00:18]} 6. f3 {[%emt 0:02:54]} Nf6 {[%emt 0:01:31]} 7. Bd3 {[%emt 0:09:18]} O-O {[%emt 0:02:46]} 8. Be3 {[%emt 0:02:14]} f4 {[%emt 0:23:21]} 9. Bf2 {[%emt 0:00:55]} g5 {[%emt 0:00:28]} 10. Qc2 {[%emt 0:03:58]} c5 {[%emt 0:03:32]} 11. dxc6 {[%emt 0:04:26]} bxc6 {[%emt 0:00:35]} 12. Nge2 {[%emt 0:02:00]} c5 {[%emt 0:00:15]} 13. Nd5 {[%emt 0:03:52]} Nc6 {[%emt 0:01:37]} 14. Nxf6+ {[%emt 0:00:46]} Rxf6 {[%emt 0:00:58]} 15. Nc3 {[%emt 0:00:06]} Rb8 {[%emt 0:07:13]} 16. Nd5 {[%emt 0:20:11]} Rf7 {[%emt 0:01:20]} 17. Qd2 {[%emt 0:03:54]} Bf6 {[%emt 0:04:11]} 18. g4 {[%emt 0:09:13]} fxg3 {[%emt 0:07:28]} 19. hxg3 {[%emt 0:00:03]} g4 {[%emt 0:00:52]} 20. f4 {[%emt 0:01:22]} exf4 {[%emt 0:00:56]} 21. Rh6 {[%emt 0:10:55]} Bg7 {[%emt 0:03:08]} 22. Rh5 {[%emt 0:07:41]} Rxb2 {[%emt 0:00:33]} 23. Qc1 {[%emt 0:01:10]} Qa5+ {[%emt 0:00:51]} 0-1

[Event "Ceske Budejovice Open-A 2019"]
[Site "Ceske Budejovice"]
[Date "2019.07.07"]
[Round "9.25"]
[White "Chval, Petr"]
[Black "Matyska, Jiri"]
[Result "1/2-1/2"]
[WhiteElo "1885"]
[BlackElo "1912"]
[Annotator "NA"]
[PlyCount "33"]
[EventDate "2019.07.02"]
[EventCountry "CZE"]
[SourceTitle "playchess.com"]
[Source "ChessBase"]
[SourceQuality "1"]
[TimeControl "5400+30"]

1. e4 {[%emt 0:00:00]} e6 {[%emt 0:00:00]} 2. d4 {[%emt 0:00:00]} b6 {[%emt 0:00:00]} 3. Bd3 {[%emt 0:02:28]} Bb7 {[%emt 0:00:03]} 4. Nc3 {[%emt 0:01:04]} Bb4 {[%emt 0:03:09]} 5. Nge2 {[%emt 0:01:46]} d5 {[%emt 0:06:26]} 6. O-O {[%emt 0:01:22]} Ne7 {[%emt 0:02:10]} 7. a3 {[%emt 0:00:36]} Bxc3 {[%emt 0:00:17]} 8. Nxc3 {[%emt 0:00:12]} c5 {[%emt 0:00:30]} 9. Qg4 {[%emt 0:23:15]} Nd7 {[%emt 0:12:13]} 10. exd5 {[%emt 0:02:34]} Nxd5 {[%emt 0:17:59]} 11. Nxd5 {[%emt 0:04:55]} Bxd5 {[%emt 0:00:25]} 12. Qxg7 {[%emt 0:02:16]} Qf6 {[%emt 0:01:15]} 13. Qxf6 {[%emt 0:01:07]} Nxf6 {[%emt 0:00:01]} 14. dxc5 {[%emt 0:01:47]} bxc5 {[%emt 0:03:11]} 15. c4 {[%emt 0:01:19]} Bb7 {[%emt 0:00:24]} 16. Be3 {[%emt 0:01:44]} Rg8 {[%emt 0:00:58]} 17. g3 1/2-1/2